00921nam a22002417a 450000500170000001000150001702000260003203500140005803700090007208200120008110000320009324500580012525000060018326000680018927000900025730000260034770000360037370000360040970000330044594200260047899900190050495201560052320241114171422.0 aENG-142625 a9789361590993c575.00 aEN-126157 bDBAD a150.198 aBaumgardne, Steve M 973970 aPositive Psychology/cBy Steve M Baumgardne...[et.al] a1 aUttar PradeshbPearson India Education Services Pvt. Ltd.c2025 a1st Floor, Berger Tower, Plot No. C-001A/2, Sector 16BbNoida (Uttar Pradesh)e201301 axxvii,404p.c25cm(pb) aCrothers, Marie eAuthor973968 aMisra, GirishwareAuthor973971 aSaini, DaminieAuthor973972 2ddccENh150.198mBAU c206998d206998 001040708NFICaBNbBNd2024-11-14eDelivery of Books Act Divisiong575.00l0o150.198 BAUpEN-126157r2024-11-14 00:00:00t1v575.00w2024-11-14yEN